[Event "Wch U16 Girls"]
[Site "Montesilvano"]
[Date "2023.11.23"]
[Round "10"]
[White "Tejaswini, G."]
[Black "Maria, Lia Alexandra"]
[Result "1-0"]
[WhiteElo "1956"]
[BlackElo "1877"]
[PlyCount "97"]
[EventDate "2023.11.13"]
[EventType "swiss"]
[EventRounds "11"]
[EventCountry "ITA"]
[SourceTitle "CB48_2023"]
[SourceDate "2023.11.29"]
[SourceVersion "1"]
[SourceVersionDate "2023.11.29"]
[SourceQuality "1"]

1. d4 Nf6 2. c4 e6 3. Nc3 Bb4 4. e3 0-0 5. Bd2 b6 6. Nf3 Bxc3 7. Bxc3 Ne4 8. Bb4 c5 9. Ba3 Bb7 10. Bd3 d6 11. 0-0 Nd7 12. Qe2 Re8 13. Rfd1 Qc7 14. Rac1 Rad8 15. b3 f5 16. Bb2 Ndf6 17. Ne1 d5 18. cxd5 Ng4 19. d6 Qxd6 20. f4 Nef2 21. Rd2 Qd5 22. Qf3 Nxd3 23. Rxd3 Ba6 24. Rd2 Qxf3 25. Nxf3 Nxe3 26. dxc5 bxc5 27. Rxd8 Rxd8 28. Rxc5 Nd5 29. Be5 Rd7 30. Ng5 Nb4 31. h3 Nxa2 32. Ra5 Nb4 33. Ra4 h6 34. Nf3 Rd1+ 35. Kh2 Nd3 36. Rxa6 Nf2 37. Ra1 Rd7 38. Bd4 Nd3 39. Rxa7 Rxa7 40. Bxa7 Nxf4 41. b4 Nd3 42. b5 Kf8 43. Bd4 Kg8 44. b6 Nb4 45. b7 Na6 46. Be5 g5 47. Nd2 Kf7 48. Nb3 Ke7 49. Nc5 1-0

[Event "Wch U16 Girls"]
[Site "Montesilvano"]
[Date "2023.11.20"]
[Round "7"]
[White "Gvatua, Mariam"]
[Black "Tejaswini, G."]
[Result "1/2-1/2"]
[WhiteElo "1701"]
[BlackElo "1956"]
[PlyCount "121"]
[EventDate "2023.11.13"]
[EventType "swiss"]
[EventRounds "11"]
[EventCountry "ITA"]
[SourceTitle "CB48_2023"]
[SourceDate "2023.11.29"]
[SourceVersion "1"]
[SourceVersionDate "2023.11.29"]
[SourceQuality "1"]

1. Nf3 Nf6 2. c4 g6 3. Nc3 Bg7 4. e4 d6 5. d4 0-0 6. Be2 Nbd7 7. 0-0 e5 8. Re1 Re8 9. Bf1 c6 10. d5 c5 11. g3 Kh8 12. Bg2 Ng8 13. h3 Nb6 14. Qe2 Bd7 15. Bd2 Rf8 16. Rac1 h6 17. Nh4 Ne7 18. f4 exf4 19. gxf4 Nexd5 20. Nxg6+ fxg6 21. cxd5 Qh4 22. Qd3 Bd4+ 23. Kh1 Nc4 24. Ne2 Nxb2 25. Qa3 Bg7 26. e5 dxe5 27. Qxb2 exf4 28. Bc3 Bxh3 29. Bxg7+ Kg8 30. Rf1 Rf5 31. Nxf4 Bxg2+ 32. Kxg2 Qg4+ 33. Kh1 Rxf4 34. Rxf4 Qxf4 35. Be5 Qe4+ 36. Kh2 Re8 37. Bg3 Qf3 38. Rc2 Qh5+ 39. Kg1 Qd1+ 40. Kh2 Qh5+ 41. Kg2 Qxd5+ 42. Kh2 Rf8 43. Rd2 Qh5+ 44. Kg2 Qf3+ 45. Kh2 Rf5 46. Qb3+ Qxb3 47. axb3 b6 48. Kg2 g5 49. Rd8+ Kg7 50. Rd7+ Rf7 51. Rd5 Kg6 52. Rd6+ Kh5 53. Rd3 Kg4 54. Bb8 h5 55. Rg3+ Kf5 56. Rf3+ Ke6 57. Rxf7 Kxf7 58. Bxa7 b5 59. Bxc5 Ke6 60. b4 Kf5 61. Kg3 1/2-1/2

[Event "Wch U16 Girls"]
[Site "Montesilvano"]
[Date "2023.11.14"]
[Round "2"]
[White "Tejaswini, G."]
[Black "Bruntse, Kathrine Lindegaard"]
[Result "1-0"]
[WhiteElo "1956"]
[BlackElo "1746"]
[PlyCount "119"]
[EventDate "2023.11.13"]
[EventType "swiss"]
[EventRounds "11"]
[EventCountry "ITA"]
[SourceTitle "CB48_2023"]
[SourceDate "2023.11.29"]
[SourceVersion "1"]
[SourceVersionDate "2023.11.29"]
[SourceQuality "1"]

1. d4 d5 2. c4 c6 3. Nc3 Nf6 4. Nf3 e6 5. e3 Nbd7 6. Be2 Bd6 7. 0-0 0-0 8. b3 b6 9. Bb2 Bb7 10. Bd3 Re8 11. Re1 Rc8 12. Rc1 h6 13. Rc2 c5 14. cxd5 exd5 15. Ne2 Ne4 16. Ng3 Nxg3 17. hxg3 Nf6 18. Nh4 Ne4 19. Nf5 Bf8 20. Qg4 Qg5 21. Qxg5 Nxg5 22. Rec1 g6 23. Nh4 Ne4 24. Nf3 Bd6 25. Ne5 Rc7 26. Bxe4 dxe4 27. Ng4 Rec8 28. Nxh6+ Kf8 29. Ng4 f5 30. Ne5 Bxe5 31. dxe5 Ba6 32. Rd2 Bd3 33. f3 Ke7 34. fxe4 fxe4 35. Rf2 Rf8 36. Rf6 Rxf6 37. exf6+ Ke6 38. Kf2 Rh7 39. g4 g5 40. Rd1 Kf7 41. Kg3 Kg6 42. Rd2 Rh1 43. Rf2 Rf1 44. Rf5 c4 45. f7 Rxf5 46. gxf5+ Kxf7 47. Kg4 cxb3 48. axb3 a5 49. Bd4 b5 50. Bb6 a4 51. bxa4 bxa4 52. Kxg5 a3 53. Kf4 a2 54. Bd4 Bc2 55. g4 Bd3 56. g5 Bc2 57. g6+ Kg8 58. f6 Bd3 59. f7+ Kf8 60. Bc5+ 1-0

[Event "IND-ch U19 Girls"]
[Site "Ahmedabad"]
[Date "2023.09.25"]
[Round "8"]
[White "Tejaswini, G."]
[Black "Drishtee, Ghosh"]
[Result "1-0"]
[WhiteElo "1905"]
[BlackElo "1495"]
[PlyCount "147"]
[EventDate "2023.09.20"]
[EventType "swiss"]
[EventRounds "11"]
[EventCountry "IND"]
[SourceTitle "EXT 2024"]
[Source "ChessBase"]
[SourceDate "2023.10.10"]
[SourceVersion "1"]
[SourceVersionDate "2023.10.10"]
[SourceQuality "1"]

1. d4 Nf6 2. c4 e6 3. Nc3 Bb4 4. e3 0-0 5. Bd2 d5 6. Nf3 b6 7. cxd5 exd5 8. Rc1 Be7 9. Bd3 Bb7 10. 0-0 c5 11. Ne5 Nc6 12. Be1 Rc8 13. Bf5 Ra8 14. Kh1 a6 15. f4 cxd4 16. exd4 Na7 17. Rf3 Nc8 18. Bh4 Nd6 19. Bxf6 Nxf5 20. Bxe7 Qxe7 21. Rh3 f6 22. Qh5 Nh6 23. Ng4 Nxg4 24. Qxh7+ Kf7 25. Qh5+ Kg8 26. Qxg4 Rfe8 27. Rg1 Qf7 28. f5 Rac8 29. Ne2 Re4 30. Qf3 Qc7 31. Qh5 Rce8 32. Qh7+ Kf8 33. Nc3 Re1 34. Rg3 Rxg1+ 35. Kxg1 Qf7 36. Kf2 b5 37. a3 Re7 38. Qh8+ Qg8 39. Qxg8+ Kxg8 40. Re3 Rc7 41. Ne2 Kf7 42. Rc3 Rxc3 43. Nxc3 Bc8 44. g4 g6 45. fxg6+ Kxg6 46. Kg3 Bb7 47. Kf4 Bc6 48. b4 Kf7 49. h4 Ke6 50. Nb1 Be8 51. Nd2 Bd7 52. Nb3 Bc8 53. Nc5+ Kf7 54. g5 Kg6 55. gxf6 Kxf6 56. h5 Kg7 57. Ke5 Kh6 58. Kxd5 Kxh5 59. Kc6 Kg5 60. d5 Kf6 61. d6 Ke5 62. d7 Bxd7+ 63. Kxd7 Kd4 64. Nxa6 Kc4 65. Kc6 Kb3 66. Kxb5 Kxa3 67. Kc4 Ka4 68. Nc5+ Ka3 69. b5 Ka2 70. b6 Ka1 71. b7 Ka2 72. b8Q Ka1 73. Kc3 Ka2 74. Qb2# 1-0

[Event "Asia-ch Rapid U20 Girls"]
[Site "Jamshedpur"]
[Date "2023.09.08"]
[Round "4"]
[White "Sachi, Jain"]
[Black "Tejaswini, G."]
[Result "1-0"]
[WhiteElo "1481"]
[BlackElo "1815"]
[PlyCount "93"]
[EventDate "2023.09.08"]
[EventType "swiss (rapid)"]
[EventRounds "9"]
[EventCountry "IND"]
[SourceTitle "EXT 2024"]
[Source "ChessBase"]
[SourceDate "2023.10.10"]
[SourceVersion "1"]
[SourceVersionDate "2023.10.10"]
[SourceQuality "1"]

1. e4 c5 2. Nf3 d6 3. d4 cxd4 4. Nxd4 Nf6 5. Nc3 a6 6. f4 e5 7. Nf3 Qc7 8. Bd3 Be7 9. 0-0 0-0 10. Kh1 b5 11. a3 Nbd7 12. Qe1 Bb7 13. fxe5 dxe5 14. Qg3 Kh8 15. Nh4 Nh5 16. Qg4 Ndf6 17. Qf3 g6 18. Bg5 Ng8 19. Bxe7 Qxe7 20. Nf5 Qc7 21. Ne3 Nf4 22. Ne2 f5 23. Nxf4 fxe4 24. Nxg6+ hxg6 25. Qh3+ Kg7 26. Be2 Nf6 27. Qg3 Bc8 28. c3 Be6 29. Nf5+ Bxf5 30. Rxf5 Rad8 31. Raf1 Rd2 32. Qg5 Nh7 33. Qxd2 gxf5 34. h3 Qe7 35. Rd1 f4 36. Qd7 Rf7 37. Qxe7 Rxe7 38. Rd6 Ng5 39. Bh5 e3 40. Rg6+ Kh7 41. Rxg5 e4 42. Rd5 f3 43. Kg1 e2 44. Kf2 fxg2 45. Bxe2 Rg7 46. Bg4 e3+ 47. Kxg2 1-0

[Event "Asia-ch Rapid U20 Girls"]
[Site "Jamshedpur"]
[Date "2023.09.08"]
[Round "6"]
[White "Tejaswini, G."]
[Black "Modipalli, Deekshitha"]
[Result "1-0"]
[WhiteElo "1815"]
[BlackElo "1105"]
[PlyCount "79"]
[EventDate "2023.09.08"]
[EventType "swiss (rapid)"]
[EventRounds "9"]
[EventCountry "IND"]
[SourceTitle "EXT 2024"]
[Source "ChessBase"]
[SourceDate "2023.10.10"]
[SourceVersion "1"]
[SourceVersionDate "2023.10.10"]
[SourceQuality "1"]

1. d4 Nf6 2. c4 e6 3. Nc3 Bb4 4. f3 0-0 5. e4 d6 6. Nge2 Nbd7 7. a3 Bxc3+ 8. Nxc3 h6 9. Be3 c5 10. Be2 a6 11. 0-0 Qc7 12. Qd2 Nb6 13. d5 exd5 14. cxd5 Re8 15. Rac1 Bd7 16. b4 c4 17. Qd4 Na4 18. Nxa4 Bxa4 19. Bxc4 Qd7 20. Bxh6 Rac8 21. Bd3 Bb3 22. Bg5 Nh7 23. Bf4 Nf6 24. Qb6 Red8 25. Rxc8 Rxc8 26. Qxd6 Qa4 27. Rc1 Rxc1+ 28. Bxc1 Bc2 29. Bxc2 Qxc2 30. Qc5 Qd1+ 31. Kf2 Nd7 32. Qc8+ Kh7 33. Bf4 Nf6 34. d6 Qd4+ 35. Ke2 Qb2+ 36. Bd2 Qd4 37. Qc5 Qb2 38. Qf5+ Kg8 39. Qc8+ Kh7 40. d7 1-0

[Event "World ol U16"]
[Site "Eindhoven"]
[Date "2023.08.14"]
[Round "2.1"]
[White "Tejaswini, G."]
[Black "Nurmanova, Alua"]
[Result "0-1"]
[WhiteElo "1905"]
[BlackElo "2347"]
[PlyCount "118"]
[EventDate "2023.08.13"]
[EventType "team-swiss"]
[EventRounds "9"]
[EventCountry "NED"]
[SourceTitle "CBM 215 Extra"]
[Source "ChessBase"]
[SourceDate "2023.09.30"]
[SourceVersion "1"]
[SourceVersionDate "2023.09.30"]
[SourceQuality "1"]
[WhiteTeam "India"]
[BlackTeam "Kazakhstan"]
[WhiteTeamCountry "IND"]
[BlackTeamCountry "KAZ"]

1. d4 Nf6 2. c4 g6 3. Nc3 Bg7 4. Nf3 d6 5. g3 0-0 6. Bg2 Nc6 7. 0-0 Bd7 8. e4 e5 9. d5 Nb8 10. Be3 a5 11. c5 Ng4 12. cxd6 cxd6 13. Bg5 Nf6 14. Qb3 Na6 15. Be3 b5 16. Ne1 b4 17. Ne2 a4 18. Qd1 Rc8 19. f3 Qa5 20. Qd2 Qb5 21. Nd3 Rc7 22. Rfc1 Rfc8 23. Bf1 Rxc1 24. Rxc1 Rxc1 25. Nexc1 Qb7 26. Bf2 Bb5 27. Be1 Qc7 28. Ne2 b3 29. axb3 axb3 30. Nc3 Bc4 31. Nb1 Nd7 32. Na3 Bxd3 33. Bxd3 Nac5 34. Bb1 Nb6 35. Bf2 Nba4 36. Be3 Bf8 37. Bd3 Nb6 38. Bb5 Nbd7 39. Bc6 Qb8 40. Qc3 Be7 41. Nb5 Qc8 42. Qa5 Nf8 43. Qa7 Qd8 44. Bd2 Bg5 45. Qa5 Be3+ 46. Kg2 Qxa5 47. Bxa5 Nd3 48. Bc3 Bc5 49. Kf1 f5 50. Ke2 Nc1+ 51. Kd1 Na2 52. Bd2 Nb4 53. Bxb4 Bxb4 54. Ke2 Kf7 55. Kd3 fxe4+ 56. fxe4 Bc5 57. Kc4 Ke7 58. Kxb3 Bg1 59. h3 h5 0-1

[Event "Bhubaneswar op-A 14th"]
[Site "Bhubaneswar"]
[Date "2023.06.15"]
[Round "6"]
[White "Snehil, Raj Singh"]
[Black "Tejaswini, G."]
[Result "1-0"]
[WhiteElo "1603"]
[BlackElo "1941"]
[PlyCount "85"]
[EventDate "2023.06.11"]
[EventType "swiss"]
[EventRounds "10"]
[EventCountry "IND"]
[SourceTitle "CBM 214 Extra"]
[Source "ChessBase"]
[SourceDate "2023.07.31"]
[SourceVersion "1"]
[SourceVersionDate "2023.07.31"]
[SourceQuality "1"]

1. e4 c5 2. Nf3 d6 3. d4 cxd4 4. Nxd4 Nf6 5. Nc3 a6 6. Be3 e5 7. Nb3 Be6 8. f3 Be7 9. Qd2 0-0 10. 0-0-0 Nbd7 11. g4 b5 12. Kb1 Nb6 13. g5 Nh5 14. Nd5 Nxd5 15. exd5 Bd7 16. Na5 f6 17. gxf6 Bxf6 18. Bd3 Qc7 19. Be4 Nf4 20. Rhg1 b4 21. Bxf4 exf4 22. Nc6 a5 23. Qxf4 a4 24. Qh6 Bxc6 25. Qxh7+ Kf7 26. Rde1 Ke8 27. dxc6 Kd8 28. Rd1 Ra5 29. Qh3 Qe7 30. Rd3 Kc7 31. Rgd1 Be5 32. Rd5 Ra7 33. Rb5 a3 34. bxa3 bxa3 35. Rd3 Rb8 36. Rxb8 Kxb8 37. Rb3+ Kc7 38. Qh8 Qd8 39. Qxd8+ Kxd8 40. Rb7 Rxb7+ 41. cxb7 Kc7 42. h3 g5 43. c4 1-0

[Event "Bhubaneswar op-A 14th"]
[Site "Bhubaneswar"]
[Date "2023.06.12"]
[Round "2"]
[White "Soureen, Bhattacharya"]
[Black "Tejaswini, G."]
[Result "1-0"]
[WhiteElo "1631"]
[BlackElo "1941"]
[PlyCount "105"]
[EventDate "2023.06.11"]
[EventType "swiss"]
[EventRounds "10"]
[EventCountry "IND"]
[SourceTitle "EXT 2024"]
[Source "ChessBase"]
[SourceDate "2023.10.10"]
[SourceVersion "1"]
[SourceVersionDate "2023.10.10"]
[SourceQuality "1"]

1. e4 c5 2. Nf3 d6 3. d4 cxd4 4. Nxd4 Nf6 5. Nc3 a6 6. Rg1 e5 7. Nb3 Be6 8. g4 d5 9. exd5 Nxd5 10. Nxd5 Qxd5 11. Qxd5 Bxd5 12. Be3 Nc6 13. 0-0-0 0-0-0 14. Bb6 Rd7 15. Nc5 Rd6 16. Nb3 Nb4 17. Bc5 Nxa2+ 18. Kb1 Rd8 19. Bb6 Rd7 20. Rxd5 Rxd5 21. Kxa2 Rd6 22. Be3 Rd1 23. f3 e4 24. fxe4 Re1 25. Bd4 Bd6 26. Bd3 Rxg1 27. Bxg1 h5 28. g5 Bf4 29. Bc4 Bxg5 30. Bxf7 Bf4 31. Nc5 Rh6 32. Nd3 g5 33. Nxf4 gxf4 34. e5 Rc6 35. Kb3 Kd8 36. Bf2 Ke7 37. Bd5 Rc8 38. c4 Kd7 39. Bh4 b5 40. Kc3 bxc4 41. Bxc4 f3 42. Kd4 Rb8 43. b3 a5 44. e6+ Ke8 45. Kc5 Rc8+ 46. Kd6 a4 47. Bb5+ Kf8 48. e7+ Kf7 49. e8Q+ Rxe8 50. Bxe8+ Kxe8 51. bxa4 f2 52. Bxf2 Kd8 53. Ke6 1-0

[Event "IND-ch (Women) 48th"]
[Site "Hatkanangale"]
[Date "2023.01.01"]
[Round "7"]
[White "Pandey, Srishti"]
[Black "Tejaswini, G."]
[Result "1/2-1/2"]
[WhiteElo "2198"]
[BlackElo "1773"]
[PlyCount "68"]
[EventDate "2022.12.26"]
[EventType "swiss"]
[EventRounds "11"]
[EventCountry "IND"]
[SourceTitle "CBM 212 Extra"]
[Source "ChessBase"]
[SourceDate "2023.03.31"]
[SourceVersion "1"]
[SourceVersionDate "2023.03.31"]
[SourceQuality "1"]

1. d4 Nf6 2. Nc3 d5 3. Bf4 g6 4. e3 Bg7 5. h4 h5 6. Nf3 0-0 7. Be2 c5 8. dxc5 Qa5 9. 0-0 Qxc5 10. Be5 Nc6 11. Bxf6 Bxf6 12. Qxd5 Qxd5 13. Nxd5 Bxb2 14. Rab1 Ba3 15. Rfd1 Rb8 16. Ng5 Bf5 17. Bd3 Bxd3 18. Rxd3 Rfd8 19. Ne4 Kg7 20. Kf1 b6 21. Ke2 e6 22. Rxa3 Rxd5 23. Rc3 Rc8 24. Rd1 Rxd1 25. Kxd1 Ne7 26. Kd2 Kf8 27. Rxc8+ Nxc8 28. Kc3 Ke7 29. Kb4 a6 30. c4 Nd6 31. Nd2 Nb7 32. Ne4 Nd6 33. Nd2 Nb7 34. Ne4 Nd6 1/2-1/2

[Event "IND-ch U15 Girls 38th"]
[Site "New Delhi"]
[Date "2022.11.29"]
[Round "3"]
[White "Tejaswini, G."]
[Black "Patil, Divya"]
[Result "1-0"]
[WhiteElo "1859"]
[BlackElo "1557"]
[PlyCount "103"]
[EventDate "2022.11.28"]
[EventType "swiss"]
[EventRounds "11"]
[EventCountry "IND"]
[SourceTitle "CBM 211 Extra"]
[Source "ChessBase"]
[SourceDate "2023.01.31"]
[SourceVersion "1"]
[SourceVersionDate "2023.01.31"]
[SourceQuality "1"]

1. d4 d5 2. c4 c6 3. Nc3 Nf6 4. cxd5 cxd5 5. Bf4 Nc6 6. e3 e6 7. Bd3 Be7 8. Nge2 a6 9. Rc1 0-0 10. h3 b5 11. Qd2 Bb7 12. 0-0 Rc8 13. f3 Na5 14. Bh2 Nc4 15. Bxc4 dxc4 16. e4 b4 17. Nd1 a5 18. Ne3 Ba6 19. Rfd1 Qb6 20. e5 Nd7 21. Ng3 c3 22. bxc3 bxc3 23. Qf2 Ba3 24. Rb1 Bb2 25. Ne4 Qa7 26. Qc2 Rfd8 27. Bg3 Nb6 28. Bh4 Nd5 29. Nxd5 Rxd5 30. Nd6 Rc7 31. Bf2 f5 32. g4 f4 33. Ne4 h6 34. g5 h5 35. Nd6 Qa8 36. Rxb2 cxb2 37. Qxc7 Rxd6 38. exd6 Qxf3 39. Qb8+ Kh7 40. Qb3 Qe4 41. Qxb2 Qd5 42. Qc2+ Kg8 43. Qc5 Qf3 44. Rb1 Qxh3 45. d7 Qg4+ 46. Kh2 Bd3 47. d8Q+ Kh7 48. Rb7 Be4 49. Rxg7+ Kxg7 50. Qce7+ Kg6 51. Qf6+ Kh7 52. Qdh8# 1-0

[Event "IND-ch U19 Girls"]
[Site "Pune"]
[Date "2022.07.18"]
[Round "9"]
[White "Velpula, Sarayu"]
[Black "Tejaswini, G."]
[Result "0-1"]
[WhiteElo "1965"]
[BlackElo "1664"]
[PlyCount "34"]
[EventDate "2022.07.12"]
[EventType "swiss"]
[EventRounds "11"]
[EventCountry "IND"]
[SourceTitle "EXT 2023"]
[Source "ChessBase"]
[SourceDate "2022.10.05"]
[SourceVersion "1"]
[SourceVersionDate "2022.10.05"]
[SourceQuality "1"]

1. e4 c5 2. Nc3 d6 3. d4 cxd4 4. Qxd4 Nc6 5. Qd2 g6 6. b3 Bh6 7. f4 Nf6 8. Bb2 0-0 9. 0-0-0 e5 10. g3 Re8 11. Kb1 Nd4 12. Bg2 Bg4 13. Rf1 d5 14. Qf2 dxe4 15. fxe5 Bf5 16. Qe1 Nxc2 17. Qd1 Ne3 0-1

[Event "IND-ch U19 Girls"]
[Site "Pune"]
[Date "2022.07.16"]
[Round "6"]
[White "Tejaswini, G."]
[Black "Rindhiya, V."]
[Result "1/2-1/2"]
[WhiteElo "1664"]
[BlackElo "1838"]
[PlyCount "72"]
[EventDate "2022.07.12"]
[EventType "swiss"]
[EventRounds "11"]
[EventCountry "IND"]
[SourceTitle "EXT 2023"]
[Source "ChessBase"]
[SourceDate "2022.10.05"]
[SourceVersion "1"]
[SourceVersionDate "2022.10.05"]
[SourceQuality "1"]

1. d4 d5 2. c4 c6 3. Nc3 Nf6 4. cxd5 cxd5 5. Bf4 e6 6. e3 a6 7. Bd3 Bd6 8. Bg5 0-0 9. Nge2 h6 10. Bh4 b6 11. f3 Bb7 12. 0-0 Be7 13. Bf2 Nbd7 14. a4 Re8 15. Rc1 e5 16. Ng3 Bf8 17. Qb3 Rc8 18. Rfd1 Qe7 19. Bf5 exd4 20. exd4 g6 21. Bh3 Qb4 22. Qc2 b5 23. axb5 axb5 24. Nf1 Rcd8 25. Bh4 Bg7 26. Be1 Qc4 27. Qb1 Qc6 28. Qd3 Ba6 29. Na2 Qb6 30. Nb4 Bb7 31. Bg3 Rc8 32. Ne3 Rxc1 33. Rxc1 Nh5 34. Nbc2 Ndf6 35. Be5 Nh7 36. Bd7 Re7 1/2-1/2

[Event "IND-ch U17 Girls"]
[Site "Bhubaneswar"]
[Date "2022.07.04"]
[Round "5"]
[White "Tejaswini, G."]
[Black "Kheerthi, Ganta"]
[Result "1/2-1/2"]
[WhiteElo "1664"]
[BlackElo "1765"]
[PlyCount "121"]
[EventDate "2022.07.01"]
[EventType "swiss"]
[EventRounds "11"]
[EventCountry "IND"]
[SourceTitle "EXT 2023"]
[Source "ChessBase"]
[SourceDate "2022.10.05"]
[SourceVersion "1"]
[SourceVersionDate "2022.10.05"]
[SourceQuality "1"]

1. d4 d5 2. c4 c6 3. Nc3 Nf6 4. cxd5 cxd5 5. Bf4 Nc6 6. e3 a6 7. Bd3 e6 8. Rc1 Bd6 9. Bg5 Bd7 10. Nge2 b5 11. f3 Qb6 12. Bb1 Be7 13. 0-0 Rc8 14. Kh1 Qa7 15. e4 h6 16. Bh4 Bd8 17. e5 Ng8 18. Bxd8 Rxd8 19. f4 Nge7 20. Qd2 g6 21. b3 Rc8 22. Nd1 Nd8 23. Nf2 Nb7 24. Ng4 Kd8 25. Rxc8+ Kxc8 26. Nf6 Kd8 27. Rc1 Qb6 28. Bd3 Ng8 29. Ng4 h5 30. Qb4 Ne7 31. Nf6 Nc6 32. Qd2 Ne7 33. Qe1 Na5 34. Ng1 Nac6 35. Nf3 Kc7 36. Qb4 Kb7 37. Qd6 Bc8 38. Ng5 Rf8 39. Nf3 Rd8 40. Qc5 Qxc5 41. Rxc5 Ng8 42. Nxg8 Rxg8 43. Kg1 Kb6 44. Rc1 Bd7 45. Kf2 Ne7 46. h3 Rc8 47. Rxc8 Nxc8 48. Bc2 a5 49. Kg3 Kc7 50. Kh4 Kd8 51. g4 hxg4 52. hxg4 Ke7 53. Kg5 Na7 54. Bd3 b4 55. Kh4 Bb5 56. Bc2 Nc6 57. Bd1 Bd3 58. Kg3 Bb1 59. Kf2 Bxa2 60. Ke3 Kd7 61. Nd2 1/2-1/2